[Event "12e Open de Quenza"]
[Site "Quenza"]
[Date "2023.07.23"]
[Round "8.1"]
[White "Bellahcene, Bilel"]
[Black "Maurizzi, Marc Andria"]
[Result "1-0"]
[BlackElo "2556"]
[WhiteElo "2520"]
[LiveChessVersion "1.4.6"]

1. e4 {[%clk 0:05:03]} c6 {[%clk 0:05:03]} 2. d4 {[%clk 0:05:03]} d5
{[%clk 0:05:03]} 3. e5 {[%clk 0:05:03]} Bf5 {[%clk 0:05:03]} 4. g4
{[%clk 0:05:03]} Bd7 {[%clk 0:04:48]} 5. Nc3 {[%clk 0:05:03]} e6 {[%clk 0:04:48]}
6. Be3 {[%clk 0:05:03]} a6 {[%clk 0:04:37]} 7. f4 {[%clk 0:04:49]} h5
{[%clk 0:04:36]} 8. gxh5 {[%clk 0:04:49]} Nh6 {[%clk 0:04:11]} 9. Bd3
{[%clk 0:04:40]} Qh4+ {[%clk 0:04:03]} 10. Bf2 {[%clk 0:04:14]} Qxf4
{[%clk 0:04:03]} 11. Nge2 {[%clk 0:03:59]} Qg5 {[%clk 0:04:01]} 12. h4
{[%clk 0:03:43]} Qd8 {[%clk 0:03:58]} 13. Rg1 {[%clk 0:03:03]} c5
{[%clk 0:03:58]} 14. dxc5 {[%clk 0:02:51]} Nc6 {[%clk 0:03:58]} 15. Nf4
{[%clk 0:02:31]} Bxc5 {[%clk 0:03:36]} 16. Qd2 {[%clk 0:01:36]} Nd4
{[%clk 0:03:19]} 17. Be2 {[%clk 0:01:35]} Nhf5 {[%clk 0:03:10]} 18. Rg5
{[%clk 0:01:09]} Qb6 {[%clk 0:03:09]} 19. Nd3 {[%clk 0:01:06]} Be7
{[%clk 0:02:08]} 20. Rxf5 {[%clk 0:01:02]} exf5 {[%clk 0:01:31]} 21. O-O-O
{[%clk 0:00:30]} Nxe2+ {[%clk 0:01:30]} 22. Qxe2 {[%clk 0:00:30]} Qh6+
{[%clk 0:01:30]} 23. Kb1 {[%clk 0:00:30]} Qxh5 {[%clk 0:01:30]} 24. Qd2
{[%clk 0:00:29]} Bc6 {[%clk 0:00:38]} 25. Nf4 {[%clk 0:00:28]} Qh6
{[%clk 0:00:38]} 26. Qd4 {[%clk 0:00:25]} O-O {[%clk 0:00:26]} 27. Rg1
{[%clk 0:00:24]} Rfe8 {[%clk 0:00:22]} 28. Nfxd5 {[%clk 0:00:24]} Kh8
{[%clk 0:00:16]} 29. Be3 {[%clk 0:00:19]} Qh7 {[%clk 0:00:16]} 30. Qf4
{[%clk 0:00:10]} Bf8 {[%clk 0:00:12]} 31. Nc7 {[%clk 0:00:10]} Rac8
{[%clk 0:00:10]} 32. Nxe8 {[%clk 0:00:10]} Rxe8 33. a3 Rd8 {[%clk 0:00:07]} 34.
Ne2 {[%clk 0:00:10]} Be4 {[%clk 0:00:06]} 35. Nc3 {[%clk 0:00:10]} Bc6
{[%clk 0:00:06]} 36. Ne2 {[%clk 0:00:07]} Re8 {[%clk 0:00:05]} 37. Ng3
{[%clk 0:00:07]} Bd7 {[%clk 0:00:05]} 38. Rd1 {[%clk 0:00:07]} Be6
{[%clk 0:00:05]} 39. h5 {[%clk 0:00:07]} Be7 {[%clk 0:00:05]} 40. Rf1
{[%clk 0:00:07]} Kg8 {[%clk 0:00:04]} 41. Nxf5 Bf8 42. Nd4 {[%clk 0:00:07]} Bc4
{[%clk 0:00:04]} 43. Rg1 {[%clk 0:00:07]} Kh8 {[%clk 0:00:04]} 44. b3
{[%clk 0:00:07]} Bd5 {[%clk 0:00:04]} 45. Kb2 {[%clk 0:00:07]} Rc8
{[%clk 0:00:04]} 46. c4 {[%clk 0:00:07]} Be6 {[%clk 0:00:04]} 47. Nxe6
{[%clk 0:00:07]} fxe6 {[%clk 0:00:04]} 48. Rg6 {[%clk 0:00:07]} Be7
{[%clk 0:00:04]} 49. Qg4 {[%clk 0:00:07]} Qg8 {[%clk 0:00:04]} 50. h6 Qf7
{[%clk 0:00:04]} 51. hxg7+ Kg8 52. Rh6 {[%clk 0:00:07]} 1-0

[Event "12e Open de Quenza"]
[Site "Quenza"]
[Date "2023.07.23"]
[Round "8.2"]
[White "Glek, Igor"]
[Black "Kosteniuk, Alexandra"]
[Result "1/2-1/2"]
[BlackElo "2532"]
[WhiteElo "2410"]
[LiveChessVersion "1.4.6"]

1. e4 {[%clk 0:05:03]} c6 {[%clk 0:05:03]} 2. c4 {[%clk 0:05:02]} d5
{[%clk 0:05:03]} 3. cxd5 {[%clk 0:05:02]} cxd5 {[%clk 0:05:03]} 4. exd5
{[%clk 0:05:02]} Nf6 {[%clk 0:05:03]} 5. Nc3 {[%clk 0:05:02]} Nxd5
{[%clk 0:04:53]} 6. Nf3 {[%clk 0:05:02]} g6 {[%clk 0:04:42]} 7. Bc4
{[%clk 0:05:00]} Nxc3 {[%clk 0:04:26]} 8. Qb3 {[%clk 0:04:48]} e6
{[%clk 0:04:06]} 9. dxc3 {[%clk 0:04:32]} Bg7 {[%clk 0:04:02]} 10. Bg5
{[%clk 0:04:20]} Qc7 {[%clk 0:04:01]} 11. Bb5+ {[%clk 0:04:02]} Bd7
{[%clk 0:03:56]} 12. O-O {[%clk 0:03:54]} O-O {[%clk 0:03:46]} 13. Rfe1
{[%clk 0:03:39]} Bxb5 {[%clk 0:03:46]} 14. Qxb5 {[%clk 0:03:39]} Nc6
{[%clk 0:03:46]} 15. Rad1 {[%clk 0:03:37]} Rfe8 {[%clk 0:03:35]} 16. Re2
{[%clk 0:03:24]} a6 {[%clk 0:03:15]} 17. Qc4 {[%clk 0:03:20]} h6 {[%clk 0:03:02]}
18. Bf4 {[%clk 0:03:19]} Qa5 {[%clk 0:02:28]} 19. Red2 {[%clk 0:02:55]} Rad8
{[%clk 0:02:28]} 20. Rxd8 {[%clk 0:02:29]} Rxd8 {[%clk 0:02:28]} 21. Rxd8+
{[%clk 0:02:29]} Qxd8 {[%clk 0:02:28]} 22. Qe2 {[%clk 0:02:28]} Qd5
{[%clk 0:02:27]} 23. a3 {[%clk 0:02:06]} g5 {[%clk 0:02:26]} 24. Be3
{[%clk 0:02:04]} b5 {[%clk 0:02:20]} 25. h3 {[%clk 0:02:02]} e5 {[%clk 0:01:55]}
26. Qd2 {[%clk 0:01:32]} Qxd2 {[%clk 0:01:43]} 27. Nxd2 {[%clk 0:01:32]} f5
{[%clk 0:01:28]} 28. Nb3 {[%clk 0:01:28]} e4 {[%clk 0:01:28]} 29. Kf1
{[%clk 0:01:28]} Ne5 {[%clk 0:01:28]} 30. Na5 {[%clk 0:01:28]} Nc4
{[%clk 0:01:23]} 31. Bc1 {[%clk 0:01:27]} 1/2-1/2

[Event "12e Open de Quenza"]
[Site "Quenza"]
[Date "2023.07.23"]
[Round "8.3"]
[White "Van Wely, Loek"]
[Black "Travadon, Loic"]
[Result "1-0"]
[BlackElo "2463"]
[WhiteElo "2644"]
[LiveChessVersion "1.4.6"]

1. d4 {[%clk 0:05:03]} Nf6 {[%clk 0:05:03]} 2. c4 {[%clk 0:05:03]} c5
{[%clk 0:05:03]} 3. d5 {[%clk 0:05:03]} g6 {[%clk 0:05:03]} 4. Nc3
{[%clk 0:05:03]} Bg7 {[%clk 0:05:03]} 5. e4 {[%clk 0:05:03]} O-O {[%clk 0:05:03]}
6. Nf3 {[%clk 0:05:01]} d6 {[%clk 0:05:03]} 7. h3 {[%clk 0:05:00]} e6
{[%clk 0:05:03]} 8. Bd3 {[%clk 0:05:00]} exd5 {[%clk 0:05:03]} 9. cxd5
{[%clk 0:04:59]} Nbd7 {[%clk 0:05:03]} 10. O-O {[%clk 0:04:38]} Qe7
{[%clk 0:05:03]} 11. Re1 {[%clk 0:04:32]} a6 {[%clk 0:05:03]} 12. a4
{[%clk 0:04:32]} Rb8 {[%clk 0:04:57]} 13. Rb1 {[%clk 0:04:27]} Ne8
{[%clk 0:04:53]} 14. Bg5 {[%clk 0:04:17]} Bf6 {[%clk 0:04:53]} 15. Bxf6
{[%clk 0:04:12]} Qxf6 {[%clk 0:04:52]} 16. Qd2 {[%clk 0:04:07]} Nc7
{[%clk 0:04:52]} 17. b4 {[%clk 0:04:05]} Re8 {[%clk 0:04:50]} 18. Bf1
{[%clk 0:03:44]} b5 {[%clk 0:04:21]} 19. bxc5 {[%clk 0:02:35]} Nxc5
{[%clk 0:04:21]} 20. e5 {[%clk 0:02:26]} dxe5 {[%clk 0:03:30]} 21. d6
{[%clk 0:02:26]} Na8 {[%clk 0:03:30]} 22. axb5 {[%clk 0:01:56]} Bf5
{[%clk 0:03:29]} 23. Rbd1 {[%clk 0:01:20]} axb5 {[%clk 0:02:50]} 24. Bxb5
{[%clk 0:01:14]} Bd7 {[%clk 0:02:50]} 25. Nd5 {[%clk 0:00:49]} Qxd6
{[%clk 0:02:50]} 26. Qh6 {[%clk 0:00:49]} f6 {[%clk 0:02:32]} 27. Bc4
{[%clk 0:00:49]} Kh8 {[%clk 0:02:27]} 28. Nf4 {[%clk 0:00:49]} exf4
{[%clk 0:02:13]} 29. Rxe8+ {[%clk 0:00:47]} Rxe8 {[%clk 0:02:13]} 30. Rxd6
{[%clk 0:00:47]} 1-0

[Event "12e Open de Quenza"]
[Site "Quenza"]
[Date "2023.07.23"]
[Round "8.4"]
[White "Roux, Baptiste"]
[Black "Fressinet, Laurent"]
[Result "0-1"]
[BlackElo "2652"]
[WhiteElo "2288"]
[LiveChessVersion "1.4.6"]

1. e4 {[%clk 0:05:03]} e5 {[%clk 0:05:03]} 2. Nf3 {[%clk 0:05:03]} Nc6
{[%clk 0:05:03]} 3. Bb5 {[%clk 0:05:03]} a6 {[%clk 0:05:03]} 4. Ba4
{[%clk 0:05:03]} Nf6 {[%clk 0:05:03]} 5. O-O {[%clk 0:05:03]} Bc5
{[%clk 0:05:03]} 6. c3 {[%clk 0:05:03]} O-O {[%clk 0:05:03]} 7. d4
{[%clk 0:04:45]} Ba7 {[%clk 0:05:03]} 8. Re1 {[%clk 0:04:31]} d6 {[%clk 0:04:57]}
9. h3 {[%clk 0:04:28]} b5 {[%clk 0:04:44]} 10. Bb3 {[%clk 0:04:19]} Re8
{[%clk 0:04:33]} 11. a4 {[%clk 0:03:50]} Bb7 {[%clk 0:04:19]} 12. axb5
{[%clk 0:03:44]} axb5 {[%clk 0:04:19]} 13. Bg5 {[%clk 0:03:25]} h6
{[%clk 0:04:14]} 14. Bh4 {[%clk 0:03:07]} exd4 {[%clk 0:03:55]} 15. cxd4
{[%clk 0:03:03]} g5 {[%clk 0:03:55]} 16. Bg3 {[%clk 0:02:45]} Nxe4
{[%clk 0:03:44]} 17. Qd3 {[%clk 0:02:38]} Nb4 {[%clk 0:02:53]} 18. Qxb5
{[%clk 0:02:38]} Nxg3 {[%clk 0:02:53]} 19. Rxe8+ {[%clk 0:02:07]} Qxe8
{[%clk 0:02:53]} 20. Qxe8+ {[%clk 0:01:59]} Rxe8 {[%clk 0:02:53]} 21. Rxa7
{[%clk 0:01:37]} Bxf3 {[%clk 0:02:33]} 22. fxg3 {[%clk 0:01:32]} Re1+
{[%clk 0:02:16]} 23. Kf2 {[%clk 0:01:32]} Rxb1 {[%clk 0:02:16]} 24. Kxf3
{[%clk 0:01:32]} Rxb2 {[%clk 0:02:16]} 25. Bc4 {[%clk 0:01:32]} d5
{[%clk 0:02:12]} 26. Bf1 {[%clk 0:00:59]} Nc6 {[%clk 0:01:43]} 27. Rxc7
{[%clk 0:00:53]} Nxd4+ {[%clk 0:01:43]} 28. Kg4 {[%clk 0:00:37]} Kg7
{[%clk 0:01:31]} 29. Rd7 {[%clk 0:00:32]} Nc2 {[%clk 0:01:11]} 30. Bd3
{[%clk 0:00:25]} Ne3+ {[%clk 0:01:01]} 31. Kf3 {[%clk 0:00:25]} Nxg2
{[%clk 0:01:00]} 32. Rxd5 {[%clk 0:00:23]} Ne1+ {[%clk 0:01:00]} 33. Kg4
{[%clk 0:00:20]} Rb4+ {[%clk 0:00:48]} 34. Kh5 {[%clk 0:00:13]} Rb3
{[%clk 0:00:48]} 35. Bf5 {[%clk 0:00:10]} Rxg3 {[%clk 0:00:48]} 36. Rd7
{[%clk 0:00:10]} Ng2 {[%clk 0:00:47]} 0-1

[Event "12e Open de Quenza"]
[Site "Quenza"]
[Date "2023.07.23"]
[Round "8.5"]
[White "Tregubov, Pavel V."]
[Black "Deladerriere, Apollo"]
[Result "1-0"]
[BlackElo "1797"]
[WhiteElo "2567"]
[LiveChessVersion "1.4.6"]

1. e4 {[%clk 0:05:03]} c6 {[%clk 0:05:03]} 2. Nf3 {[%clk 0:05:03]} d5
{[%clk 0:05:03]} 3. Nc3 {[%clk 0:05:03]} dxe4 {[%clk 0:05:03]} 4. Nxe4
{[%clk 0:05:03]} Nf6 {[%clk 0:05:03]} 5. Qe2 {[%clk 0:05:03]} Nxe4
{[%clk 0:04:49]} 6. Qxe4 {[%clk 0:05:03]} Nd7 {[%clk 0:04:49]} 7. Bc4
{[%clk 0:05:03]} Nf6 {[%clk 0:04:49]} 8. Ne5 {[%clk 0:05:03]} e6 {[%clk 0:04:49]}
9. Qf4 {[%clk 0:05:03]} b5 {[%clk 0:04:35]} 10. Be2 {[%clk 0:05:00]} Bd6
{[%clk 0:04:33]} 11. d4 {[%clk 0:05:00]} O-O {[%clk 0:04:27]} 12. O-O
{[%clk 0:05:00]} Bb7 {[%clk 0:04:12]} 13. Qg3 {[%clk 0:05:00]} c5
{[%clk 0:03:55]} 14. Bh6 {[%clk 0:04:43]} Ne8 {[%clk 0:03:45]} 15. Bxb5
{[%clk 0:03:28]} cxd4 {[%clk 0:03:11]} 16. Bxe8 {[%clk 0:03:27]} Bxe5
{[%clk 0:03:11]} 17. Qxe5 gxh6 18. Bb5 {[%clk 0:03:08]} Qg5 {[%clk 0:03:11]} 19.
Qg3 {[%clk 0:02:51]} Rac8 {[%clk 0:02:43]} 20. Bd3 {[%clk 0:02:48]} e5
{[%clk 0:02:11]} 21. Rae1 {[%clk 0:02:27]} f6 {[%clk 0:02:10]} 22. f4
{[%clk 0:02:22]} Qxg3 {[%clk 0:01:55]} 23. hxg3 {[%clk 0:02:22]} Rfe8
{[%clk 0:01:44]} 24. fxe5 {[%clk 0:01:55]} fxe5 {[%clk 0:01:44]} 25. b3
{[%clk 0:01:51]} e4 {[%clk 0:01:43]} 26. Bc4+ {[%clk 0:01:51]} Rxc4
{[%clk 0:01:05]} 27. bxc4 Rc8 28. Rb1 {[%clk 0:01:45]} Ba6 {[%clk 0:00:28]} 29.
Rf4 {[%clk 0:01:45]} d3 {[%clk 0:00:28]} 30. Rxe4 {[%clk 0:01:33]} Bxc4
{[%clk 0:00:19]} 31. Rg4+ {[%clk 0:01:21]} Kh8 {[%clk 0:00:07]} 32. cxd3
{[%clk 0:01:21]} Bxd3 {[%clk 0:00:07]} 33. Rb3 {[%clk 0:01:15]} Bg6
{[%clk 0:00:06]} 34. Ra3 {[%clk 0:01:10]} Rc1+ {[%clk 0:00:04]} 35. Kh2
{[%clk 0:01:10]} Rc7 {[%clk 0:00:04]} 36. Rga4 {[%clk 0:01:10]} h5
{[%clk 0:00:04]} 37. Rxa7 {[%clk 0:01:09]} Rc2 {[%clk 0:00:04]} 38. Re7
{[%clk 0:01:06]} Kg8 39. Ra8+ 1-0

[Event "12e Open de Quenza"]
[Site "Quenza"]
[Date "2023.07.23"]
[Round "8.6"]
[White "Skripchenko, Almira"]
[Black "Kuzmicz, Krystian"]
[Result "1-0"]
[BlackElo "2466"]
[WhiteElo "2380"]
[LiveChessVersion "1.4.6"]

1. e4 {[%clk 0:05:03]} g6 {[%clk 0:05:03]} 2. d4 {[%clk 0:05:03]} Bg7
{[%clk 0:05:03]} 3. Nc3 {[%clk 0:05:03]} d5 {[%clk 0:05:03]} 4. e5
{[%clk 0:04:49]} a6 {[%clk 0:05:03]} 5. f4 {[%clk 0:04:25]} Nh6 {[%clk 0:05:03]}
6. Be3 {[%clk 0:04:25]} f6 {[%clk 0:04:48]} 7. Qd2 {[%clk 0:04:15]} Ng4
{[%clk 0:04:33]} 8. Nf3 {[%clk 0:04:14]} Nxe3 {[%clk 0:04:29]} 9. Qxe3
{[%clk 0:04:14]} Bg4 {[%clk 0:04:29]} 10. Be2 {[%clk 0:04:14]} O-O
{[%clk 0:04:19]} 11. h3 {[%clk 0:03:57]} Bxf3 {[%clk 0:04:19]} 12. Bxf3
{[%clk 0:03:57]} e6 {[%clk 0:04:14]} 13. O-O-O {[%clk 0:03:28]} fxe5
{[%clk 0:04:14]} 14. fxe5 {[%clk 0:03:25]} Qh4 {[%clk 0:04:14]} 15. Kb1
{[%clk 0:03:22]} c5 {[%clk 0:04:08]} 16. Ne2 {[%clk 0:03:18]} Nc6
{[%clk 0:04:03]} 17. c3 {[%clk 0:03:18]} cxd4 {[%clk 0:03:49]} 18. cxd4
{[%clk 0:03:18]} Rac8 {[%clk 0:03:48]} 19. Bg4 {[%clk 0:03:15]} Rfe8
{[%clk 0:03:25]} 20. Rhf1 {[%clk 0:03:13]} Bh6 {[%clk 0:03:18]} 21. Qf3
{[%clk 0:03:07]} Rc7 {[%clk 0:03:17]} 22. Qb3 {[%clk 0:02:50]} b5
{[%clk 0:02:54]} 23. Rf6 {[%clk 0:02:49]} Nd8 {[%clk 0:02:29]} 24. Rdf1
{[%clk 0:02:37]} Bg7 {[%clk 0:02:18]} 25. R6f4 {[%clk 0:02:34]} Qe7
{[%clk 0:02:17]} 26. a3 {[%clk 0:02:16]} h5 {[%clk 0:02:08]} 27. Bf3
{[%clk 0:02:06]} Nf7 {[%clk 0:01:30]} 28. h4 {[%clk 0:01:46]} Nh6
{[%clk 0:01:27]} 29. g4 {[%clk 0:01:43]} hxg4 {[%clk 0:01:22]} 30. Bxg4
{[%clk 0:01:43]} Nf5 {[%clk 0:01:22]} 31. Qh3 {[%clk 0:00:59]} Bh6
{[%clk 0:01:15]} 32. R4f3 {[%clk 0:00:51]} b4 {[%clk 0:00:56]} 33. a4
{[%clk 0:00:35]} b3 {[%clk 0:00:56]} 34. Rxb3 {[%clk 0:00:33]} Rc4
{[%clk 0:00:51]} 35. Bxf5 {[%clk 0:00:31]} gxf5 {[%clk 0:00:51]} 36. Qf3
{[%clk 0:00:28]} Kh7 {[%clk 0:00:44]} 37. Rg1 {[%clk 0:00:28]} Rc7
{[%clk 0:00:34]} 38. Nf4 {[%clk 0:00:19]} Qxh4 {[%clk 0:00:21]} 39. Rh1
{[%clk 0:00:19]} Qg4 {[%clk 0:00:17]} 40. Qf1 {[%clk 0:00:17]} Rh8
{[%clk 0:00:12]} 41. Rbh3 {[%clk 0:00:17]} Kg8 {[%clk 0:00:12]} 42. Rg1
{[%clk 0:00:16]} Rg7 {[%clk 0:00:11]} 43. Rxg4 {[%clk 0:00:16]} fxg4
{[%clk 0:00:11]} 44. Rg3 {[%clk 0:00:15]} Rf7 {[%clk 0:00:11]} 45. Rxg4+ Kf8 46.
Qc1 {[%clk 0:00:11]} Re7 {[%clk 0:00:04]} 47. Ng6+ Kf7 48. Nxh8+ {[%clk 0:00:10]}
1-0

[Event "12e Open de Quenza"]
[Site "Quenza"]
[Date "2023.07.23"]
[Round "8.7"]
[White "Bouslimi, Nabil"]
[Black "Tomasi, Albert"]
[Result "0-1"]
[BlackElo "2291"]
[WhiteElo "2087"]
[LiveChessVersion "1.4.6"]

1. d4 {[%clk 0:05:03]} Nf6 {[%clk 0:05:03]} 2. c4 {[%clk 0:05:03]} c5
{[%clk 0:05:03]} 3. d5 {[%clk 0:05:03]} b5 {[%clk 0:05:03]} 4. cxb5
{[%clk 0:05:03]} a6 {[%clk 0:05:03]} 5. bxa6 {[%clk 0:05:03]} g6 {[%clk 0:05:03]}
6. Nf3 {[%clk 0:04:59]} Bg7 {[%clk 0:05:03]} 7. Nc3 {[%clk 0:04:59]} O-O
{[%clk 0:05:03]} 8. e4 {[%clk 0:04:59]} d6 {[%clk 0:04:43]} 9. Bc4
{[%clk 0:04:58]} Bxa6 {[%clk 0:04:29]} 10. Nd2 {[%clk 0:04:56]} Nbd7 11. Qe2
{[%clk 0:04:42]} Bb7 {[%clk 0:04:25]} 12. O-O {[%clk 0:04:39]} Ne8
{[%clk 0:04:15]} 13. a4 {[%clk 0:03:57]} Ne5 {[%clk 0:04:04]} 14. Bb3
{[%clk 0:03:48]} Ba6 {[%clk 0:04:04]} 15. Qd1 {[%clk 0:03:05]} Bxf1
{[%clk 0:03:55]} 16. Qxf1 Nc7 {[%clk 0:03:53]} 17. Nc4 {[%clk 0:02:59]} Qb8
{[%clk 0:03:52]} 18. Qd1 {[%clk 0:02:46]} Qb4 {[%clk 0:03:35]} 19. Nxe5
{[%clk 0:02:34]} Bxe5 {[%clk 0:03:35]} 20. Bd2 {[%clk 0:02:34]} Qd4
{[%clk 0:02:24]} 21. Qc2 Rfb8 {[%clk 0:02:13]} 22. Rb1 {[%clk 0:02:00]} Rxb3 23.
Qxb3 {[%clk 0:01:47]} Qxd2 {[%clk 0:00:30]} 24. Qb7 {[%clk 0:01:11]} Bd4
{[%clk 0:00:30]} 25. Rf1 {[%clk 0:01:11]} Kg7 {[%clk 0:00:21]} 26. Qxc7
{[%clk 0:01:11]} Qxb2 {[%clk 0:00:21]} 27. Nd1 {[%clk 0:01:08]} Qe2
{[%clk 0:00:14]} 28. a5 {[%clk 0:00:40]} Qxe4 {[%clk 0:00:14]} 29. Qb6
{[%clk 0:00:27]} Qxd5 {[%clk 0:00:14]} 30. Ne3 {[%clk 0:00:21]} Qa2
{[%clk 0:00:14]} 31. Qb7 {[%clk 0:00:15]} Rxa5 32. Qxe7 {[%clk 0:00:15]} Qe6
{[%clk 0:00:14]} 33. Qc7 {[%clk 0:00:15]} Ra2 {[%clk 0:00:11]} 34. Nd1
{[%clk 0:00:12]} Rd2 {[%clk 0:00:11]} 35. Qa5 {[%clk 0:00:12]} Qe2
{[%clk 0:00:10]} 36. Qa4 {[%clk 0:00:12]} c4 {[%clk 0:00:09]} 37. h3
{[%clk 0:00:11]} c3 {[%clk 0:00:09]} 38. Nxc3 {[%clk 0:00:05]} Bxc3
{[%clk 0:00:09]} 39. Qc6 {[%clk 0:00:05]} Bd4 {[%clk 0:00:09]} 40. Rc1
{[%clk 0:00:05]} Rd1+ {[%clk 0:00:08]} 0-1

[Event "12e Open de Quenza"]
[Site "Quenza"]
[Date "2023.07.23"]
[Round "8.8"]
[White "Stebel, Agata"]
[Black "Pieri, Pierre-Louis"]
[Result "0-1"]
[BlackElo "2089"]
[WhiteElo "1905"]
[LiveChessVersion "1.4.6"]

1. e4 {[%clk 0:05:03]} e6 {[%clk 0:05:03]} 2. d4 {[%clk 0:04:56]} d5
{[%clk 0:05:03]} 3. e5 {[%clk 0:04:51]} c5 {[%clk 0:05:03]} 4. c3
{[%clk 0:04:11]} Nc6 {[%clk 0:05:03]} 5. f4 {[%clk 0:04:11]} Qb6 {[%clk 0:04:37]}
6. Nf3 {[%clk 0:03:42]} cxd4 {[%clk 0:04:27]} 7. cxd4 {[%clk 0:03:39]} Nh6
{[%clk 0:04:24]} 8. Bd3 {[%clk 0:03:18]} Bd7 {[%clk 0:03:59]} 9. Be3
{[%clk 0:03:12]} Qxb2 {[%clk 0:03:36]} 10. Nbd2 {[%clk 0:03:09]} Nb4
{[%clk 0:03:30]} 11. Qe2 {[%clk 0:02:15]} Qxa1+ {[%clk 0:03:17]} 0-1

[Event "12e Open de Quenza"]
[Site "Quenza"]
[Date "2023.07.23"]
[Round "9.1"]
[White "Bellahcene, Bilel"]
[Black "Van Wely, Loek"]
[Result "0-1"]
[BlackElo "2644"]
[WhiteElo "2520"]
[LiveChessVersion "1.4.6"]

1. e4 {[%clk 0:05:03]} c5 {[%clk 0:05:03]} 2. Nf3 {[%clk 0:05:03]} d6
{[%clk 0:05:03]} 3. d4 {[%clk 0:05:03]} cxd4 {[%clk 0:05:03]} 4. Nxd4
{[%clk 0:05:03]} Nf6 {[%clk 0:05:03]} 5. Nc3 {[%clk 0:05:03]} a6 {[%clk 0:05:03]}
6. Bg5 {[%clk 0:05:03]} e6 {[%clk 0:05:01]} 7. Qf3 {[%clk 0:05:03]} Nbd7
{[%clk 0:05:01]} 8. O-O-O {[%clk 0:05:03]} Qc7 {[%clk 0:04:57]} 9. Bxf6
{[%clk 0:05:03]} Nxf6 {[%clk 0:04:57]} 10. g4 {[%clk 0:05:03]} Nd7
{[%clk 0:04:28]} 11. g5 {[%clk 0:05:03]} b5 {[%clk 0:04:23]} 12. a3
{[%clk 0:05:03]} Rb8 {[%clk 0:04:12]} 13. h4 {[%clk 0:05:03]} b4 {[%clk 0:04:12]}
14. axb4 {[%clk 0:05:03]} Rxb4 {[%clk 0:04:09]} 15. Qe3 {[%clk 0:05:03]} Qb6
{[%clk 0:03:37]} 16. b3 {[%clk 0:04:48]} Qc5 {[%clk 0:02:56]} 17. f4
{[%clk 0:04:13]} Bb7 {[%clk 0:02:36]} 18. Rh3 {[%clk 0:04:11]} g6
{[%clk 0:02:14]} 19. f5 {[%clk 0:04:03]} e5 {[%clk 0:02:13]} 20. Nde2
{[%clk 0:04:03]} Qxe3+ {[%clk 0:02:06]} 21. Rxe3 {[%clk 0:04:03]} gxf5
{[%clk 0:02:06]} 22. Bg2 {[%clk 0:03:07]} h6 {[%clk 0:01:49]} 23. Nd5
{[%clk 0:03:00]} Bxd5 {[%clk 0:01:48]} 24. Rxd5 {[%clk 0:03:00]} f4
{[%clk 0:01:47]} 25. Rc3 {[%clk 0:03:00]} hxg5 {[%clk 0:01:47]} 26. Rc8+
{[%clk 0:02:21]} Ke7 {[%clk 0:01:47]} 27. Bh3 {[%clk 0:02:21]} Rxh4
{[%clk 0:01:34]} 28. Bxd7 {[%clk 0:02:21]} Kxd7 {[%clk 0:01:34]} 29. Rxf8
{[%clk 0:02:21]} Ke7 {[%clk 0:01:31]} 30. Ra8 {[%clk 0:02:03]} Rxe4
{[%clk 0:01:26]} 31. Nc3 {[%clk 0:02:03]} Re1+ {[%clk 0:01:22]} 32. Kb2
{[%clk 0:02:03]} f3 {[%clk 0:01:19]} 33. Ra7+ {[%clk 0:01:45]} Kf8
{[%clk 0:01:16]} 34. Rxd6 {[%clk 0:01:39]} Rf4 {[%clk 0:01:16]} 35. Nd5
{[%clk 0:00:51]} f2 {[%clk 0:01:06]} 36. Nxf4 {[%clk 0:00:51]} exf4
{[%clk 0:00:58]} 37. Rf6 {[%clk 0:00:45]} Re7 {[%clk 0:00:52]} 0-1

[Event "12e Open de Quenza"]
[Site "Quenza"]
[Date "2023.07.23"]
[Round "9.2"]
[White "Fressinet, Laurent"]
[Black "Glek, Igor"]
[Result "1-0"]
[BlackElo "2410"]
[WhiteElo "2652"]
[LiveChessVersion "1.4.6"]

1. d4 {[%clk 0:05:03]} f5 {[%clk 0:05:02]} 2. Nc3 {[%clk 0:05:03]} Nf6
{[%clk 0:05:02]} 3. Bg5 {[%clk 0:05:03]} d5 {[%clk 0:05:02]} 4. e3
{[%clk 0:05:03]} e6 {[%clk 0:04:48]} 5. Nf3 {[%clk 0:05:03]} Be7 {[%clk 0:04:46]}
6. Bd3 {[%clk 0:05:03]} O-O {[%clk 0:04:46]} 7. O-O {[%clk 0:05:03]} Ne4
{[%clk 0:04:36]} 8. Bxe7 {[%clk 0:05:02]} Qxe7 {[%clk 0:04:36]} 9. Ne2
{[%clk 0:05:02]} Nd6 {[%clk 0:04:17]} 10. b3 {[%clk 0:04:56]} Nd7
{[%clk 0:04:16]} 11. c4 dxc4 {[%clk 0:03:59]} 12. Bxc4 {[%clk 0:04:40]} Nxc4
{[%clk 0:03:20]} 13. bxc4 {[%clk 0:04:40]} b6 {[%clk 0:02:57]} 14. Nf4
{[%clk 0:04:24]} Bb7 {[%clk 0:02:44]} 15. c5 {[%clk 0:03:23]} bxc5
{[%clk 0:02:25]} 16. Rb1 {[%clk 0:03:07]} Be4 {[%clk 0:02:20]} 17. Rc1
{[%clk 0:03:07]} Qd6 {[%clk 0:01:11]} 18. Ng5 {[%clk 0:02:33]} Bd5
{[%clk 0:00:44]} 19. dxc5 {[%clk 0:02:18]} Nxc5 {[%clk 0:00:42]} 20. Rxc5
{[%clk 0:02:01]} Qxc5 {[%clk 0:00:42]} 21. Ngxe6 Bxe6 {[%clk 0:00:41]} 22. Nxe6
{[%clk 0:02:01]} Qe7 {[%clk 0:00:28]} 23. Nxf8 {[%clk 0:02:01]} Rxf8
{[%clk 0:00:28]} 24. Qd5+ {[%clk 0:01:53]} Qf7 {[%clk 0:00:28]} 25. Qa5
{[%clk 0:01:51]} c6 {[%clk 0:00:28]} 26. g3 {[%clk 0:01:51]} Qd7 {[%clk 0:00:28]}
27. Rb1 {[%clk 0:01:41]} h6 {[%clk 0:00:25]} 28. Qc5 {[%clk 0:01:36]} Rf6
{[%clk 0:00:23]} 29. Qc4+ {[%clk 0:01:22]} Kh7 {[%clk 0:00:23]} 30. Rb8
{[%clk 0:01:22]} Qd1+ {[%clk 0:00:19]} 31. Kg2 {[%clk 0:01:22]} Qd5+
{[%clk 0:00:19]} 32. Qxd5 cxd5 33. Rd8 {[%clk 0:01:16]} Ra6 {[%clk 0:00:19]} 34.
Rxd5 Kg6 35. Rd2 {[%clk 0:01:16]} Kf6 {[%clk 0:00:17]} 36. f4 {[%clk 0:01:02]} g5
{[%clk 0:00:17]} 1-0